|
|
|
|
| LEADER |
00000nab a2200000ua 4500 |
| 001 |
vtls010745684 |
| 003 |
SK-MaSNL |
| 005 |
20260304200350.0 |
| 008 |
250718s1975 xo |||||||||||||||||slo| |
| 035 |
|
|
|a (urnnbn)urn:nbn:sk:snk:ar-a01nc1
|
| 035 |
|
|
|a (uuid)3344a664-7533-46df-a013-1ce3aa103907
|
| 035 |
|
|
|a urn:nbn:sk:snk-ab4fos
|
| 040 |
|
|
|a SNKBUCL
|b slo
|c SNKBUCL
|e AACR2
|
| 041 |
0 |
|
|a cze
|
| 044 |
|
|
|a xo
|c SK
|
| 100 |
1 |
|
|a Traxl, Václav
|4 aut
|9 349277
|
| 245 |
1 |
0 |
|a Máta kadeřavá
|c Václav Traxl
|
| 773 |
0 |
|
|t Naše liečivé rastliny
|g Roč. 12, č. 4 (1975), s. 97-98
|
| 850 |
|
|
|a Slovenská národná knižnica
|
| 852 |
|
|
|a Slovenská národná knižnica
|
| 954 |
|
|
|a odborná, vedecká literatúra pôvodná (slovenská)
|2 lita
|
| 954 |
|
|
|a odborná, vedecká literatúra cudzojazyčná (svetová)
|2 lita
|
| 958 |
|
|
|a article3
|
| 958 |
|
|
|a OND
|
| 958 |
|
|
|a EUIPO
|
| 999 |
|
|
|c 3087721
|d 3089651
|